<?xml version="1.0" encoding="UTF-8"?>
<collection xmlns="http://www.loc.gov/MARC21/slim">
 <record>
  <leader>01169nam a22002655a 4500</leader>
  <controlfield tag="001">CEM.cems021307</controlfield>
  <controlfield tag="008">240729s2005####ag############000#0#und#d</controlfield>
  <controlfield tag="005">20240729174958.0</controlfield>
  <datafield tag="245" ind1="1" ind2="0">
   <subfield code="a">El grito del Carancho. La mujer estrella :</subfield>
   <subfield code="b">leyendas tobas /</subfield>
   <subfield code="c">Selección y adaptación de Miguel Ángel Palermo ; ilustrado por Aldo Chiappe y Alberto Pez.</subfield>
  </datafield>
  <datafield tag="250" ind1=" " ind2=" ">
   <subfield code="a">1a ed.</subfield>
  </datafield>
  <datafield tag="260" ind1=" " ind2=" ">
   <subfield code="a">Buenos Aires :</subfield>
   <subfield code="b">Arte Gráfico,</subfield>
   <subfield code="c">2005.</subfield>
  </datafield>
  <datafield tag="300" ind1=" " ind2=" ">
   <subfield code="a">50 p.</subfield>
  </datafield>
  <datafield tag="490" ind1="1" ind2=" ">
   <subfield code="a">Cuentos y leyendas de mi país - Genios; ;</subfield>
   <subfield code="v">2</subfield>
  </datafield>
  <datafield tag="520" ind1=" " ind2=" ">
   <subfield code="a">En este libro encontrarás dos leyendas; la primera, El grito del Carancho, cuenta las hazañas de Tankí, el Carancho, capaz de enfrentar todo peligro con su gran coraje, inteligencia y magia. La mujer estrella es la segunda y narra las aventuras de una extraña visita llegada del cielo.</subfield>
  </datafield>
  <datafield tag="020" ind1=" " ind2=" ">
   <subfield code="a">9507825274</subfield>
  </datafield>
  <datafield tag="100" ind1="1" ind2=" ">
   <subfield code="a">Palermo, Miguel Ángel.</subfield>
  </datafield>
  <datafield tag="700" ind1="1" ind2=" ">
   <subfield code="a">Chiappe, Aldo; il.</subfield>
  </datafield>
  <datafield tag="700" ind1="1" ind2=" ">
   <subfield code="a">Pez, Alberto; il.</subfield>
  </datafield>
  <datafield tag="653" ind1=" " ind2=" ">
   <subfield code="a">Mitos</subfield>
  </datafield>
  <datafield tag="653" ind1=" " ind2=" ">
   <subfield code="a">Leyendas</subfield>
  </datafield>
  <datafield tag="653" ind1=" " ind2=" ">
   <subfield code="a">Mitos argentinos</subfield>
  </datafield>
  <datafield tag="653" ind1=" " ind2=" ">
   <subfield code="a">Leyendas argentinas</subfield>
  </datafield>
  <datafield tag="653" ind1=" " ind2=" ">
   <subfield code="a">Pueblos originarios</subfield>
  </datafield>
  <datafield tag="653" ind1=" " ind2=" ">
   <subfield code="a">Tobas</subfield>
  </datafield>
  <datafield tag="859" ind1=" " ind2=" ">
   <subfield code="a">CEMS</subfield>
   <subfield code="b">BIB. CEMS - Inicial y Primaria</subfield>
   <subfield code="h">398.2</subfield>
   <subfield code="i">P174-10</subfield>
   <subfield code="k">IP</subfield>
   <subfield code="p">6872</subfield>
   <subfield code="t">Ej.1</subfield>
  </datafield>
 </record>
</collection>
